[Event "55smm A Klausen-Ehrenburg"]
[Site "?"]
[Date "2024.02.10"]
[Round "7.5"]
[White "Hengl, Philip"]
[Black "Schrott, Karl"]
[Result "1/2-1/2"]
[WhiteElo "1952"]
[BlackElo "1927"]
[PlyCount "109"]
[EventDate "2024.02.10"]

1. e4 c5 2. Nc3 d6 3. d4 cxd4 4. Qxd4 Nc6 5. Qd2 Nf6 6. b3 a6 7. Bb2 e6 8.
O-O-O Be7 9. Kb1 Qa5 10. f3 Bd7 11. g4 O-O-O 12. Nge2 h6 13. Nf4 Kb8 14. Be2
Rc8 15. Na4 Qxd2 16. Rxd2 Ka7 17. c4 Rhd8 18. Rhd1 Be8 19. Ba3 g5 20. Ng2 d5
21. Bxe7 Nxe7 22. Nc3 d4 23. Rxd4 Rxd4 24. Rxd4 Nc6 25. Rd2 Kb8 26. Kb2 Ne5 27.
Nd1 Kc7 28. Nde3 Bc6 29. b4 b6 30. h4 Nfd7 31. a3 Ra8 32. Rd1 a5 33. Rh1 axb4
34. axb4 Bb7 35. hxg5 hxg5 36. Ne1 Kd6 37. Rh5 Rg8 38. Rh6 Ke7 39. Nd3 Nxd3+
40. Bxd3 Ne5 41. Be2 Rd8 42. Kc3 Ra8 43. Nc2 Ng6 44. Rh2 Nf4 45. Bf1 Ng6 46.
Rd2 Ne5 47. Be2 Rh8 48. Nd4 Rh3 49. Kb2 Rh2 50. Rc2 Rh8 51. Kb3 Ra8 52. c5 bxc5
53. Rxc5 Nd7 54. Rxg5 Ra1 55. Ra5 1/2-1/2

[Event "55smm A Klausen-Ehrenburg"]
[Site "?"]
[Date "2024.02.10"]
[Round "7.6"]
[White "Schrott, Johann"]
[Black "Babinetz, Rainer"]
[Result "1/2-1/2"]
[WhiteElo "1763"]
[BlackElo "1915"]
[PlyCount "78"]
[EventDate "2024.02.10"]

1. e4 d6 2. d4 e5 3. dxe5 dxe5 4. Qxd8+ Kxd8 5. Bc4 f6 6. Be3 c6 7. a4 Nd7 8.
Ne2 Bc5 9. Bxc5 Nxc5 10. Nbc3 Ne7 11. b4 Be6 12. Bxe6 Nxe6 13. O-O Kc7 14. f4
Nxf4 15. Nxf4 exf4 16. Rxf4 Ng6 17. Rg4 Rad8 18. Rd1 Rxd1+ 19. Nxd1 Rd8 20. Ne3
Rd4 21. c4 Rd7 22. Nf5 Ne5 23. Rxg7 Rxg7 24. Nxg7 Nxc4 25. Ne8+ Kd7 26. Nxf6+
Ke6 27. Nxh7 b5 28. axb5 cxb5 29. Ng5+ Kf6 30. Nf3 a5 31. bxa5 b4 32. Nd4 Nxa5
33. Kf2 b3 34. Nxb3 Nxb3 35. h4 Nc5 36. Kf3 Ke5 37. h5 Nxe4 38. g4 Nf6 39. Kg3
Nxh5+ 1/2-1/2

[Event "55smm A Richter/Lask-Brixen/Milland"]
[Site "?"]
[Date "2024.02.10"]
[Round "7.1"]
[White "Brenninger, Daniel"]
[Black "Moncher, Stefano"]
[Result "0-1"]
[WhiteElo "2100"]
[BlackElo "2168"]
[PlyCount "98"]
[EventDate "2024.02.10"]

1. d4 Nf6 2. c4 g6 3. Nc3 Bg7 4. e4 d6 5. f3 O-O 6. Be3 Nc6 7. Bd3 e5 8. d5 Nd4
9. Nge2 Nh5 10. Qd2 c5 11. dxc6 bxc6 12. Bc2 c5 13. Nd5 Rb8 14. b3 Be6 15. O-O
f5 16. Bg5 Nxe2+ 17. Kf2 Qd7 18. Kxe2 fxe4 19. Bxe4 Nf4+ 20. Nxf4 exf4 21. Bxf4
Bxc4+ 22. bxc4 Rb2 23. Bc2 Rxf4 24. Qxf4 Rxc2+ 25. Kd3 Rc3+ 26. Ke2 Bd4 27. Qe4
Re3+ 28. Qxe3 Bxe3 29. Kxe3 Qe6+ 30. Kd3 Qf5+ 31. Ke3 Qe5+ 32. Kf2 Qd4+ 33. Kg3
g5 34. f4 gxf4+ 35. Kg4 Qxc4 36. Rxf4 Qe2+ 37. Kh3 Qe3+ 38. g3 Qe6+ 39. Kg2 c4
40. Raf1 d5 41. h3 h5 42. Rf5 c3 43. Rg5+ Kh7 44. Rxh5+ Kg6 45. Rh8 c2 46. Rhf8
d4 47. R8f2 d3 48. h4 Qd5+ 49. Kh2 d2 0-1

[Event "55smm A Richter/Lask-Brixen/Milland"]
[Site "?"]
[Date "2024.02.10"]
[Round "7.2"]
[White "Bevilacqua, Maurizio"]
[Black "Sader, Michael"]
[Result "1-0"]
[WhiteElo "2027"]
[BlackElo "2093"]
[PlyCount "87"]
[EventDate "2024.02.10"]

1. d4 c5 2. d5 d6 3. c4 Nf6 4. Nc3 g6 5. e4 Bg7 6. f3 O-O 7. Bg5 h6 8. Be3 e5
9. Qd2 Kh7 10. Bd3 a6 11. Nge2 Nbd7 12. h4 Rb8 13. h5 g5 14. a4 Ne8 15. Ng3 Nc7
16. Rb1 a5 17. Nf5 Nb6 18. Qf2 Na6 19. b3 Nb4 20. Rd1 Bf6 21. Nxd6 Nd7 22. Bb1
b6 23. Nf5 Rg8 24. g4 Nf8 25. O-O Bxf5 26. exf5 Kg7 27. Be4 Nh7 28. d6 Qd7 29.
Qd2 Rgd8 30. Nb5 Nf8 31. Bf2 Rbc8 32. Bg3 Nc6 33. Bxc6 Rxc6 34. Qd5 Re8 35.
Rfe1 Rcc8 36. Re4 Nh7 37. Rde1 Rcd8 38. Bxe5 Bxe5 39. Rxe5 Nf6 40. Qd3 Rxe5 41.
Rxe5 Qc6 42. Re7 Ne8 43. f6+ Nxf6 44. Qg6+ 1-0

[Event "55smm A Richter/Lask-Brixen/Milland"]
[Site "?"]
[Date "2024.02.10"]
[Round "7.3"]
[White "Kofler, Thomas"]
[Black "Billio, Atto"]
[Result "0-1"]
[WhiteElo "1948"]
[BlackElo "2004"]
[PlyCount "137"]
[EventDate "2024.02.10"]

1. e4 c5 2. a3 Nc6 3. b4 e5 4. b5 Nd4 5. c3 Ne6 6. Nf3 d5 7. Qa4 f6 8. g3 dxe4
9. Qxe4 Ne7 10. Bc4 g6 11. O-O Bg7 12. d3 Nf5 13. Bb2 Nd6 14. Qd5 Nxc4 15. Qxc4
Qc7 16. Nbd2 O-O 17. a4 Bd7 18. Rfe1 Rfe8 19. Rad1 Rac8 20. Ba3 Kh8 21. Ne4 b6
22. Qd5 Rcd8 23. Qc4 h6 24. Nh4 Kh7 25. d4 f5 26. d5 Nf8 27. Nd2 Bc8 28. Qb3
Qf7 29. c4 g5 30. Ng2 Ng6 31. Bb2 Rf8 32. f3 h5 33. h3 Rh8 34. Qd3 Rdf8 35. Qe2
Kg8 36. Nb3 f4 37. gxf4 gxf4 38. h4 Rh6 39. Kf2 Bf6 40. Rh1 Re8 41. Nd2 e4 42.
Nxe4 Rxe4 43. fxe4 f3 44. Qxf3 Bxb2 45. Qxf7+ Kxf7 46. Rdf1 Ne5 47. Ne3 Ke7 48.
Ke2 Bd4 49. Rc1 Rg6 50. Rhf1 Rg3 51. Nf5+ Bxf5 52. Rxf5 Re3+ 53. Kf1 Rh3 54.
Rd1 Nxc4 55. Rxh5 Ne3+ 56. Ke2 Rh2+ 57. Kf3 Nxd1 58. Rh7+ Kf6 59. Rxa7 Rxh4 60.
Rc7 Rf4+ 61. Ke2 Nc3+ 62. Kd3 Nxa4 63. Rc6+ Ke7 64. e5 Rf3+ 65. Kd2 Re3 66. e6
Kf6 67. Rc7 Nc3 68. Rf7+ Kg6 69. e7 0-1

[Event "55smm A Richter/Lask-Brixen/Milland"]
[Site "?"]
[Date "2024.02.10"]
[Round "7.4"]
[White "Buglisi, Massimo"]
[Black "Paulmichl, Martin"]
[Result "1/2-1/2"]
[WhiteElo "1911"]
[BlackElo "1880"]
[PlyCount "84"]
[EventDate "2024.02.10"]

1. e4 e6 2. d3 d5 3. Nd2 c5 4. Ngf3 Bd6 5. g3 Nc6 6. Bg2 Nge7 7. O-O O-O 8. Re1
Qc7 9. c3 f6 10. a3 a5 11. a4 Rb8 12. Nb1 Rd8 13. exd5 Nxd5 14. Na3 Qf7 15. Nb5
Bf8 16. Qe2 e5 17. Bd2 Nb6 18. d4 cxd4 19. cxd4 Bg4 20. Qe4 Bxf3 21. Qxf3 Nc4
22. Be3 exd4 23. Bf4 N4e5 24. Qe4 Bb4 25. Red1 Rbc8 26. Nxd4 Nxd4 27. Rxd4 Rxd4
28. Qxd4 Nc6 29. Qb6 Qd7 30. Bf3 Nd4 31. Qxb7 Qxb7 32. Bxb7 Rc2 33. Be3 Nf5 34.
Bb6 Rxb2 35. Rd1 Bd2 36. Bd5+ Kf8 37. Bc5+ Ne7 38. Ba3 Rc2 39. Be4 Ra2 40. Bd6
Bb4 41. Bxe7+ Kxe7 42. Bc6 Bc5 1/2-1/2

[Event "55smm A Richter/Lask2-Deutschnofen"]
[Site "?"]
[Date "2024.02.10"]
[Round "7.1"]
[White "Dappiano, Andrea"]
[Black "Kowalczyk, Martin"]
[Result "1-0"]
[WhiteElo "2274"]
[BlackElo "1753"]
[PlyCount "57"]
[EventDate "2024.02.10"]

1. e4 e5 2. Bc4 Nf6 3. d3 Bc5 4. Nc3 O-O 5. f4 d5 6. Nxd5 Nxd5 7. Bxd5 c6 8.
Bb3 Bxg1 9. Rxg1 Qh4+ 10. Kf1 Bg4 11. Qe1 Qxh2 12. f5 Nd7 13. Be3 Nf6 14. Bg5
Nh5 15. Qh4 Qxh4 16. Bxh4 Rfe8 17. Kf2 g6 18. fxg6 hxg6 19. Rh1 Kg7 20. Bg5 b6
21. Rh4 Bd7 22. g4 Nf6 23. Kg3 Nh7 24. Bh6+ Kg8 25. Rah1 Be6 26. Bxe6 fxe6 27.
Bd2 Re7 28. Bc3 Rf7 29. Rh6 1-0

[Event "55smm A Richter/Lask2-Deutschnofen"]
[Site "?"]
[Date "2024.02.10"]
[Round "7.2"]
[White "Di Lazzaro, Gabriele"]
[Black "Lain, Luigi"]
[Result "0-1"]
[WhiteElo "1814"]
[BlackElo "2243"]
[PlyCount "76"]
[EventDate "2024.02.10"]

1. e4 e5 2. Bc4 Bc5 3. Nf3 Nc6 4. O-O Nf6 5. d3 d6 6. h3 Be6 7. Bb3 Qd7 8. Nc3
h6 9. Bxe6 Qxe6 10. Na4 O-O-O 11. Nxc5 dxc5 12. Nh4 Nxe4 13. Qf3 Nd6 14. Qd1 g5
15. Nf3 g4 16. hxg4 Qxg4 17. Nh2 Qe6 18. Be3 b6 19. c3 f5 20. Qa4 Kb7 21. f4 e4
22. dxe4 Nxe4 23. Qc2 Rhg8 24. Rfe1 Rg3 25. Bf2 Rg7 26. Re2 Rdg8 27. Be1 Qd6
28. Bd2 Rg3 29. Rd1 Rd3 30. Nf1 Rd8 31. Kh1 h5 32. Kh2 h4 33. Qc1 Na5 34. b3
Nxc3 35. Rde1 Nxe2 36. Rxe2 Nc6 37. Be1 Rd1 38. Qc4 Rd4 0-1

[Event "55smm A Richter/Lask2-Deutschnofen"]
[Site "?"]
[Date "2024.02.10"]
[Round "7.3"]
[White "Micheli, Carlo"]
[Black "Gruber, Martin"]
[Result "1-0"]
[WhiteElo "2177"]
[BlackElo "1611"]
[PlyCount "111"]
[EventDate "2024.02.10"]

1. c4 Nf6 2. g3 Nc6 3. Bg2 e6 4. d3 Be7 5. Nf3 O-O 6. e4 d5 7. cxd5 exd5 8. e5
Ne8 9. d4 h6 10. Nc3 Be6 11. O-O Rb8 12. h4 Na5 13. Ne2 c6 14. Nf4 Nc4 15. b3
Nb6 16. Be3 Qd7 17. a4 a6 18. Ne1 Na8 19. Ned3 Nac7 20. Rc1 Bg4 21. f3 Bf5 22.
Bf2 Ne6 23. g4 Bxd3 24. Nxd3 Qd8 25. Qe1 Qb6 26. Qc3 Qd8 27. Qe1 Qb6 28. b4 Qd8
29. f4 N6c7 30. f5 Qd7 31. Nf4 f6 32. Ng6 fxe5 33. dxe5 Kh7 34. e6 Qd8 35.
Nxf8+ Bxf8 36. g5 hxg5 37. hxg5 Qxg5 38. Bh4 Qg4 39. e7 Qd4+ 40. Bf2 Qf6 41.
exf8=Q Qxf8 42. Bc5 Qf6 43. Qe7 Rd8 44. Qxf6 gxf6 45. Rce1 d4 46. Rf4 d3 47.
Rh4+ Kg8 48. Rd4 Rxd4 49. Bxd4 Nd6 50. Bxf6 Nxf5 51. Be4 d2 52. Rd1 Ng3 53. Bd3
Nd5 54. Bh4 Ne4 55. Bxe4 Nc3 56. Bf3 1-0

[Event "55smm A Richter/Lask2-Deutschnofen"]
[Site "?"]
[Date "2024.02.10"]
[Round "7.4"]
[White "Unterweger, Christian"]
[Black "Thurner, Markus"]
[Result "0-1"]
[WhiteElo "1533"]
[BlackElo "1918"]
[PlyCount "76"]
[EventDate "2024.02.10"]

1. d4 e6 2. c4 f5 3. Nf3 Nf6 4. Nc3 Bb4 5. Bf4 O-O 6. e3 b6 7. Be2 Bb7 8. O-O
Bxc3 9. bxc3 Ne4 10. Qc2 d6 11. Rad1 Nd7 12. h3 Qe8 13. Bh2 Rf6 14. Kh1 Rh6 15.
Bf4 Rf6 16. Bh2 a5 17. Ng1 Ng5 18. Qd2 Rh6 19. Bf4 Ne4 20. Qe1 g5 21. Bh2 Qg6
22. f3 Nef6 23. Bd3 Re8 24. Rb1 Qh5 25. Be2 g4 26. Bf4 Rg6 27. c5 e5 28. Bh2
Kh8 29. dxe5 dxe5 30. cxb6 cxb6 31. Bb5 g3 32. Bxg3 Reg8 33. Bxd7 Nxd7 34. Ne2
Ba6 35. Rd1 Bxe2 36. Qxe2 Rxg3 37. Rxd7 Rxh3+ 38. gxh3 Qxh3+ 0-1

[Event "55smm A Richter/Lask2-Deutschnofen"]
[Site "?"]
[Date "2024.02.10"]
[Round "7.5"]
[White "Tonina, Filippo"]
[Black "Mumelter, Erwin"]
[Result "1-0"]
[WhiteElo "1946"]
[BlackElo "1689"]
[PlyCount "61"]
[EventDate "2024.02.10"]

1. d4 f5 2. Nc3 Nf6 3. Bg5 e6 4. e4 fxe4 5. Nxe4 Be7 6. Bxf6 Bxf6 7. Qh5+ g6 8.
Qh6 Qe7 9. O-O-O Bg7 10. Qf4 d6 11. Nf3 Nc6 12. Bb5 Bd7 13. Rhe1 h6 14. d5 e5
15. Qg3 Nd8 16. Qxg6+ Qf7 17. Bxd7+ Kxd7 18. Qg4+ Ke7 19. Nh4 Rg8 20. Nf5+ Kf8
21. Qh3 Qg6 22. Rd3 Nf7 23. Rg3 Ng5 24. Qg4 Qh7 25. Nxg5 hxg5 26. Rf3 Bf6 27.
Ng3 Rg6 28. Ree3 Re8 29. Ne4 Kg7 30. Nxg5 Rxg5 31. Qd7+ 1-0

[Event "55smm A Richter/Lask2-Deutschnofen"]
[Site "?"]
[Date "2024.02.10"]
[Round "7.6"]
[White "Pardeller, Arthur"]
[Black "Zamengo, Bruno"]
[Result "1/2-1/2"]
[WhiteElo "1516"]
[BlackElo "1872"]
[PlyCount "96"]
[EventDate "2024.02.10"]

1. d4 Nf6 2. c4 g6 3. Nc3 c6 4. Nf3 Bg7 5. e4 d6 6. h3 O-O 7. Be3 Nbd7 8. Bd3
Re8 9. Qd2 Rb8 10. O-O a6 11. a4 b5 12. axb5 axb5 13. cxb5 cxb5 14. b4 Bb7 15.
Ra5 e5 16. d5 Nc5 17. Rfa1 Nb3 18. Qb2 Nxa1 19. Qxa1 Ra8 20. Bxb5 Rf8 21. Bd3
Qe7 22. Nd2 Rfc8 23. Ba7 Nxd5 24. exd5 e4 25. Ndxe4 f5 26. Nc5 dxc5 27. bxc5
Qe5 28. c6 Bxc6 29. dxc6 Qxc3 30. Qxc3 Bxc3 31. Ra6 Be5 32. Bc4+ Kg7 33. Be6
Re8 34. Bd7 Re7 35. g3 Kf8 36. Kg2 Kf7 37. Ra5 Bc7 38. Ra3 Re1 39. Re3 Rxe3 40.
Bxe3 Ra2 41. h4 Rc2 42. Kf3 Kf6 43. Bg5+ Kg7 44. Be3 Be5 45. Kg2 h6 46. Kf3 Bf6
47. Bb6 Be5 48. Be3 Bc7 1/2-1/2

[Event "55smm A Steinegg-Arci"]
[Site "?"]
[Date "2024.02.10"]
[Round "7.1"]
[White "Olivetti, Davide"]
[Black "Engl, Stefan"]
[Result "1-0"]
[WhiteElo "2128"]
[BlackElo "1992"]
[PlyCount "101"]
[EventDate "2024.02.10"]

1. e4 e6 2. d4 d5 3. Nc3 Bb4 4. e5 Qd7 5. h4 c5 6. a3 Bxc3+ 7. bxc3 Qa4 8. h5
h6 9. Rb1 a6 10. Rh3 Ne7 11. dxc5 Nd7 12. Rb4 Qa5 13. Qg4 Nf5 14. Nf3 Qxc5 15.
Rb3 Qc7 16. Bf4 Nc5 17. Nd4 Rg8 18. Rb4 Bd7 19. Qd1 Ne7 20. Re3 Nc6 21. Nxc6
Bxc6 22. Qd4 Nd7 23. Rg3 O-O-O 24. Re3 Qa5 25. a4 Qc5 26. Kd2 Qxd4+ 27. cxd4 a5
28. Rb1 Kc7 29. Rc3 Ra8 30. Kc1 Rgc8 31. Rg3 Rg8 32. Rc3 Rgb8 33. Bd2 Nb6 34.
Bb5 Kd7 35. Bxc6+ bxc6 36. Rf3 Ke7 37. Rfb3 Ra6 38. Kd1 Ke8 39. Ke2 Ke7 40. Ke1
Ke8 41. Ke2 Ke7 42. Bc1 Kd7 43. Ba3 Rb7 44. Bc5 Kc7 45. g4 f6 46. exf6 gxf6 47.
f4 Rb8 48. Rxb6 Raxb6 49. Rxb6 Rxb6 50. Bxb6+ Kxb6 51. g5 1-0

[Event "55smm A Steinegg-Arci"]
[Site "?"]
[Date "2024.02.10"]
[Round "7.2"]
[White "Boernsen, Frederik"]
[Black "Perino, Alberto"]
[Result "1-0"]
[WhiteElo "1972"]
[BlackElo "1972"]
[PlyCount "85"]
[EventDate "2024.02.10"]

1. e4 e5 2. Nf3 Nc6 3. Bb5 Nf6 4. Nc3 Nd4 5. Ba4 c6 6. O-O a5 7. Bb3 Bc5 8.
Nxe5 O-O 9. Nd3 Ba7 10. e5 Ne8 11. Nf4 b5 12. a3 Qg5 13. d3 Qxe5 14. Re1 Qf5
15. g4 Qf6 16. Ne4 Qh4 17. Ng2 Qd8 18. Bg5 Qb6 19. Be7 d5 20. Ng3 Nf6 21. Ne3
Re8 22. Bxf6 gxf6 23. c3 Nxb3 24. Qxb3 Rxe3 25. Rxe3 Bxg4 26. d4 Qd8 27. Rae1
f5 28. f3 Bh3 29. Re7 Kf8 30. Qc2 Qxe7 31. Rxe7 Kxe7 32. Nxf5+ Kf6 33. Ng3 Rh8
34. Qd2 Kg6 35. Qf4 Bc8 36. Qh4 Be6 37. f4 f5 38. Qh5+ Kf6 39. Qh6+ Kf7 40. Nh5
Rg8+ 41. Kf2 Ke7 42. Qxh7+ Kd6 43. Ng7 1-0

[Event "55smm A Steinegg-Arci"]
[Site "?"]
[Date "2024.02.10"]
[Round "7.3"]
[White "Zammarchi, Massimo"]
[Black "Pichler, Martin"]
[Result "0-1"]
[WhiteElo "1934"]
[BlackElo "1888"]
[PlyCount "48"]
[EventDate "2024.02.10"]

1. e4 g6 2. d4 Bg7 3. Nf3 d6 4. h3 Nf6 5. Nc3 O-O 6. Bd3 Na6 7. O-O c5 8. e5
Nd7 9. exd6 exd6 10. Bg5 f6 11. Bxa6 fxg5 12. dxc5 Nxc5 13. Bc4+ Kh8 14. Qd2
Rxf3 15. gxf3 Bxh3 16. Rfe1 Be5 17. Rad1 Qf6 18. Bd5 Rf8 19. Qe3 Bf5 20. Kg2
Bxc2 21. Ra1 Nd3 22. Rh1 Nf4+ 23. Kg1 Bxc3 24. bxc3 Nxd5 0-1

[Event "55smm A Steinegg-Arci"]
[Site "?"]
[Date "2024.02.10"]
[Round "7.4"]
[White "Engl, Alexander"]
[Black "De Vita, Gianni"]
[Result "1-0"]
[WhiteElo "1845"]
[BlackElo "1936"]
[PlyCount "89"]
[EventDate "2024.02.10"]

1. f4 e5 2. fxe5 d6 3. exd6 Bxd6 4. Nf3 Nf6 5. g3 h5 6. Bg2 h4 7. gxh4 Ng4 8.
d3 Nxh2 9. Bg5 Bg3+ 10. Kd2 f6 11. Be3 Ng4 12. Bg1 Qe7 13. e3 Nc6 14. Nc3 Be6
15. Qe2 O-O-O 16. Rf1 Rh5 17. Nd4 Nxd4 18. exd4 c6 19. Bf3 f5 20. d5 cxd5 21.
Bxd5 Rh6 22. Bxa7 Qd6 23. Bg2 Bf4+ 24. Kd1 Qa6 25. Bc5 Be5 26. Kd2 Qa5 27. Qf3
Rd7 28. Bg1 Bd5 29. Qe2 Bxg2 30. Qxg2 Rc6 31. d4 Bxd4 32. Bxd4 Rxd4+ 33. Kc1
Rxc3 34. Rxf5 Qxf5 35. bxc3 Qf4+ 36. Kb2 Rd6 37. Rf1 Rb6+ 38. Ka1 Qe5 39. Qxg4+
Kb8 40. Rf8+ Ka7 41. Qa4+ Ra6 42. Qd4+ Qxd4 43. cxd4 Rh6 44. Rf4 Kb6 45. Kb2
1-0

[Event "55smm A Steinegg-Arci"]
[Site "?"]
[Date "2024.02.10"]
[Round "7.5"]
[White "Benvenuto, Alexander"]
[Black "Lantschner, Carmen"]
[Result "1-0"]
[WhiteElo "1594"]
[BlackElo "1642"]
[PlyCount "165"]
[EventDate "2024.02.10"]

1. d4 d6 2. Nf3 g6 3. c4 Nf6 4. Nc3 Bf5 5. Qb3 Qc8 6. g3 Bg7 7. Bg2 c6 8. Be3
Na6 9. Rc1 Rb8 10. O-O O-O 11. Qa3 Bh3 12. b4 Ra8 13. Rfd1 Bxg2 14. Kxg2 Nc7
15. Qb3 Ng4 16. Bg5 Re8 17. Rc2 e5 18. Ne4 Qe6 19. dxe5 dxe5 20. Nc5 Qc8 21.
Ne4 Qe6 22. Rcd2 h6 23. Bd8 Na6 24. h3 f5 25. Rd6 Qf7 26. Rd7 Qf8 27. c5+ Kh8
28. Rf7 Qg8 29. Nf6 Nxf6 30. Bxf6 Bxf6 31. Rxf6 Qxb3 32. axb3 Kg7 33. Rdd6 Nxb4
34. Rxg6+ Kh7 35. Rxh6+ Kg7 36. Nh4 Rf8 37. Rdg6+ Kf7 38. Rh7+ Ke8 39. Rxb7 a5
40. Re6+ Kd8 41. Ng6 Re8 42. Rxe8+ Kxe8 43. Rh7 Ra6 44. Nxe5 Nc2 45. h4 Nd4 46.
Rb7 Ne6 47. Nd3 Kf8 48. Rb6 Ra8 49. Rxc6 Nd4 50. Rb6 Nxe2 51. c6 Ke8 52. Rb7
Nd4 53. Rh7 Rd8 54. Rh8+ Ke7 55. Rxd8 Kxd8 56. Nc1 Nxc6 57. Kf3 Ke7 58. Kf4 Kf6
59. Nd3 Nd4 60. Nc5 Kg6 61. Ke3 Nc6 62. Kd3 Ne5+ 63. Kc3 Kh5 64. Nd3 Nf3 65.
Kb2 Nd2 66. Ka3 Ne4 67. Ka4 Nd2 68. Nc1 Ne4 69. Kxa5 Nxf2 70. b4 f4 71. gxf4
Kxh4 72. b5 Ne4 73. b6 Nd6 74. Ka6 Kg4 75. Nd3 Kf5 76. b7 Nxb7 77. Kxb7 Kf6 78.
Kc6 Ke6 79. Kc5 Kf6 80. Kd6 Kf5 81. Ke7 Kg6 82. Ke6 Kg7 83. f5 1-0

[Event "55smm A Steinegg-Arci"]
[Site "?"]
[Date "2024.02.10"]
[Round "7.6"]
[White "Schroffenegger, Simon"]
[Black "Gheser, Amir"]
[Result "0-1"]
[WhiteElo "1581"]
[BlackElo "1695"]
[PlyCount "106"]
[EventDate "2024.02.10"]

1. e4 c5 2. Nc3 Nc6 3. Bc4 Nf6 4. f4 d6 5. Nf3 e6 6. d3 Be7 7. e5 dxe5 8. fxe5
Nd5 9. O-O a6 10. a4 Nb6 11. Ba2 Qc7 12. Qe1 Nd7 13. Bf4 h6 14. Qf2 b6 15. Ne4
Nb4 16. Nd6+ Bxd6 17. exd6 Qc6 18. Ne5 Nxe5 19. Bxe5 f6 20. Qg3 O-O 21. Bxf6
Rf7 22. Bb3 Bd7 23. Rae1 c4 24. dxc4 Qc5+ 25. Kh1 Raf8 26. c3 Nc6 27. Bc2 Rxf6
28. Rxf6 Rxf6 29. b3 e5 30. Qd3 Bf5 31. Qd5+ Qxd5 32. cxd5 Bxc2 33. dxc6 Rxd6
34. c7 Rc6 35. Rxe5 Rxc7 36. a5 Rxc3 37. Kg1 Rxb3 38. Kf2 bxa5 39. Rxa5 Bd3 40.
Ke3 Bb5+ 41. Kf2 Kf7 42. Ra2 Rd3 43. Rc2 Rd7 44. Ke3 Ra7 45. Kd4 a5 46. Rb2 Bd7
47. Kc5 a4 48. Kb6 Ra8 49. Kc7 a3 50. Rf2+ Kg6 51. Ra2 Be6 52. Ra1 a2 53. Kd6
Bf7 0-1

[Event "55smm A Tramin/Kaltern-Groeden"]
[Site "?"]
[Date "2024.02.10"]
[Round "7.1"]
[White "Moroder, Stephan"]
[Black "Panjkovic, Aleksandar"]
[Result "1-0"]
[WhiteElo "2155"]
[BlackElo "2072"]
[PlyCount "71"]
[EventDate "2024.02.10"]

1. d4 c5 2. dxc5 Qa5+ 3. Nc3 Nf6 4. Bd2 Qxc5 5. e4 g6 6. Nf3 d6 7. Be3 Qa5 8.
Qd2 Bg7 9. Nd4 Bd7 10. Be2 O-O 11. Nb3 Qc7 12. Bh6 Nc6 13. h4 Ne5 14. h5 Nc4
15. Bxc4 Qxc4 16. Bxg7 Kxg7 17. hxg6 fxg6 18. Qh6+ Kg8 19. O-O-O Rf7 20. f3 Rc8
21. Rd4 Qa6 22. Kb1 Be6 23. Qe3 Qb6 24. e5 Nd5 25. Nxd5 Bxd5 26. e6 Rg7 27. Re1
Bxb3 28. axb3 Rc5 29. Qd2 Qc7 30. Ree4 Qc8 31. Qd3 h6 32. b4 Rc6 33. c3 a6 34.
Qe3 Kh7 35. Rh4 g5 36. Rxh6+ 1-0

[Event "55smm A Tramin/Kaltern-Groeden"]
[Site "?"]
[Date "2024.02.10"]
[Round "7.2"]
[White "Zucchelli, Massimo"]
[Black "Demetz, Rainer"]
[Result "0-1"]
[WhiteElo "2113"]
[BlackElo "2201"]
[PlyCount "86"]
[EventDate "2024.02.10"]

1. d4 Nf6 2. c4 e6 3. Nf3 Bb4+ 4. Nbd2 d5 5. Qa4+ Nc6 6. e3 O-O 7. Bd3 dxc4 8.
Bxc4 Bd7 9. Qd1 Qe7 10. O-O e5 11. dxe5 Nxe5 12. Nxe5 Qxe5 13. Nf3 Qh5 14. Bd2
Bd6 15. Bc3 Ne4 16. Qd5 Qxd5 17. Bxd5 Nxc3 18. bxc3 c6 19. Bc4 Rad8 20. Rfd1
Bf5 21. Kf1 Ba3 22. Ne5 Bd6 23. Nf3 Bc7 24. Ke2 Ba5 25. Rac1 Rxd1 26. Kxd1 Rd8+
27. Ke2 b5 28. Nd4 Bd7 29. Bd3 a6 30. Be4 Rc8 31. c4 bxc4 32. Rxc4 c5 33. Nb3
Bb4 34. Rc2 a5 35. Bd5 Kf8 36. Bc4 Rd8 37. Nc1 Ba4 38. Nb3 f5 39. f3 Ke7 40.
Bd3 Kf6 41. f4 Rxd3 42. Kxd3 Bb5+ 43. Rc4 Ke6 0-1

[Event "55smm A Tramin/Kaltern-Groeden"]
[Site "?"]
[Date "2024.02.10"]
[Round "7.3"]
[White "Bernardi, Ruben"]
[Black "Maier, Fridolin"]
[Result "1-0"]
[WhiteElo "2042"]
[BlackElo "1778"]
[PlyCount "101"]
[EventDate "2024.02.10"]

1. e4 e5 2. Nf3 Nc6 3. Bb5 f5 4. d4 fxe4 5. Nxe5 Nf6 6. O-O Be7 7. c3 O-O 8.
Re1 a6 9. Qb3+ Kh8 10. Bxc6 bxc6 11. Nf7+ Rxf7 12. Qxf7 d5 13. Bg5 Bf5 14. Bxf6
Bxf6 15. Qh5 Qd7 16. Qe2 Rb8 17. b4 a5 18. a3 Bg4 19. f3 exf3 20. gxf3 Bh3 21.
Qf2 Qd8 22. Re2 Bh4 23. Qe3 h6 24. Nd2 Qg5+ 25. Qxg5 Bxg5 26. Nb3 axb4 27. axb4
Rf8 28. Nd2 Kh7 29. Rd1 Ra8 30. Nb3 Rf8 31. Rd3 Bf5 32. Rde3 Bxe3+ 33. Rxe3 Bh3
34. Kf2 Rf7 35. Kg3 Bd7 36. Nc5 Bc8 37. Re8 Bf5 38. Ne6 g5 39. Nd8 Bd7 40. Re5
Rg7 41. Nb7 Kg6 42. Nc5 Bc8 43. Re8 Bf5 44. Na6 Rf7 45. Nb8 Kh5 46. h3 Kg6 47.
Nxc6 Bd7 48. Ne5+ Kg7 49. Rd8 Bb5 50. Nxf7 Kxf7 51. Rxd5 1-0

[Event "55smm A Tramin/Kaltern-Groeden"]
[Site "?"]
[Date "2024.02.10"]
[Round "7.4"]
[White "Florian, Andreas"]
[Black "Moroder, Thomas"]
[Result "0-1"]
[WhiteElo "1573"]
[BlackElo "2012"]
[PlyCount "76"]
[EventDate "2024.02.10"]

1. d4 Nf6 2. Bf4 c5 3. e3 g6 4. Nf3 Bg7 5. h3 Qb6 6. Na3 Nd5 7. Nc4 Qd8 8. Bh2
cxd4 9. exd4 O-O 10. Be2 b5 11. Ncd2 a6 12. O-O Nc6 13. c3 Bb7 14. Re1 Nb6 15.
a4 Nxa4 16. Qb3 Nb6 17. d5 Na7 18. c4 d6 19. cxb5 axb5 20. Bxb5 Bxd5 21. Bc4
Nxc4 22. Nxc4 Nc6 23. Qb5 Bxf3 24. gxf3 Nd4 25. Qb7 Rb8 26. Qxe7 Nxf3+ 27. Kg2
Nxe1+ 28. Rxe1 Qc8 29. Nxd6 Qc6+ 30. Kg1 Rxb2 31. Ne8 Bd4 32. Bg3 Qf3 33. Qh4
Rd2 34. Nd6 Bxf2+ 35. Bxf2 Rxd6 36. Bc5 Rd1 37. Bxf8 Qe3+ 38. Kf1 Rxe1+ 0-1

[Event "55smm A Tramin/Kaltern-Groeden"]
[Site "?"]
[Date "2024.02.10"]
[Round "7.5"]
[White "Grossi, Christian"]
[Black "Thaler, Elmar"]
[Result "0-1"]
[WhiteElo "1905"]
[BlackElo "1782"]
[PlyCount "144"]
[EventDate "2024.02.10"]

1. d4 c6 2. e4 d5 3. e5 Bf5 4. Bd3 Bxd3 5. Qxd3 e6 6. f4 Ne7 7. Nf3 Nf5 8. Be3
Qb6 9. b3 c5 10. Nbd2 Nc6 11. c3 Be7 12. O-O O-O 13. Bf2 cxd4 14. g4 Ne3 15.
Nxd4 Nxg4 16. Nxc6 Qxc6 17. Nf3 Rac8 18. Rac1 Ba3 19. Rc2 Nxf2 20. Rfxf2 Bc5
21. Nd4 Qb6 22. Rg2 Rc7 23. h4 Bxd4+ 24. cxd4 Rfc8 25. Rcd2 Rc1+ 26. Kh2 Qd8
27. Qg3 Qf8 28. Rdf2 Rd1 29. f5 Rcc1 30. Qe3 Rh1+ 31. Kg3 Qc8 32. Qg5 h6 33.
Qe7 Qc3+ 34. Rf3 Qe1+ 35. Rgf2 Rg1+ 36. Kh2 Rg4 37. Rf1 Rxh4+ 38. Kg1 Rg4+ 39.
Kh2 Rh4+ 40. Kg1 Qe4 41. Rxc1 Qxf3 42. Rc8+ Kh7 43. Qxh4 Qxf5 44. Qf2 Qg4+ 45.
Kh2 Qh5+ 46. Kg3 Qg5+ 47. Kf3 Qf5+ 48. Ke3 Qe4+ 49. Kd2 Qb1 50. Kc3 Qa1+ 51.
Kb4 h5 52. Qxf7 Qxd4+ 53. Ka3 Qxe5 54. Qg8+ Kg6 55. Qe8+ Kh7 56. Qe7 d4 57. Rc5
Qe2 58. Rg5 Qa6+ 59. Kb4 Qb6+ 60. Rb5 a5+ 61. Ka4 Qc6 62. Kxa5 Qc3+ 63. b4 Qa3+
64. Kb6 Qa6+ 65. Kc5 Qc6+ 66. Kxd4 Qxb5 67. Kc3 Qc6+ 68. Kb3 b5 69. Qc5 Qd5+
70. Kc3 h4 71. a3 Qxc5+ 72. bxc5 h3 0-1

[Event "55smm A Tramin/Kaltern-Groeden"]
[Site "?"]
[Date "2024.02.10"]
[Round "7.6"]
[White "Enderle, Helmuth"]
[Black "Casadio, Lorenzo"]
[Result "0-1"]
[WhiteElo "1495"]
[BlackElo "1863"]
[PlyCount "58"]
[EventDate "2024.02.10"]

1. d4 Nf6 2. c4 e6 3. Nc3 d5 4. cxd5 exd5 5. Nf3 Be7 6. e3 O-O 7. Be2 Bf5 8.
O-O c6 9. Bd3 Bxd3 10. Qxd3 Nbd7 11. e4 dxe4 12. Nxe4 Nxe4 13. Qxe4 Nf6 14. Qd3
Nd5 15. a3 a5 16. Bd2 Qb6 17. Qc2 Bf6 18. Be3 Rfe8 19. Rfe1 Rac8 20. Rac1 Rcd8
21. Rcd1 Ra8 22. Re2 Rad8 23. h3 Rd6 24. Rde1 Rde6 25. Qd2 Qd8 26. Kf1 h6 27.
Qd3 Qb6 28. Qd2 Qb5 29. Kg1 Nf4 0-1

[Event "55smm B Klausen2-Tramin/Kaltern2"]
[Site "?"]
[Date "2024.02.10"]
[Round "7.1"]
[White "Bertagnolli, Gerhard"]
[Black "Ingenuin, Sigmund"]
[Result "1-0"]
[WhiteElo "1855"]
[BlackElo "1543"]
[PlyCount "55"]
[EventDate "2024.02.10"]

1. d4 Nf6 2. Nf3 d5 3. c4 c6 4. Nc3 g6 5. Bf4 Bg7 6. e3 O-O 7. h3 Qa5 8. Qb3
Nbd7 9. Be2 dxc4 10. Bxc4 b5 11. Bd3 Nd5 12. Bg3 Bb7 13. O-O Nxc3 14. bxc3 a6
15. a4 Qb6 16. Rab1 c5 17. axb5 Bxf3 18. gxf3 a5 19. Qd5 Ra7 20. Qc6 cxd4 21.
cxd4 Rfa8 22. Be4 Rd8 23. Rfc1 e5 24. dxe5 a4 25. Rd1 Qa5 26. b6 Raa8 27. Rxd7
Rdc8 28. Rc7 1-0